00000000nam##2200000za#4500
0019.578963
003CaOODSP
00520210624190333
007cr |||||||||||
008150406|1992||||xxc|||||o    f|0| 0 eng|d
022 |a1488-5379
040 |aCaOODSP|beng
043 |an-cn---
0861 |aFs97-6/1849E-PDF
1101 |aCanada. |bDepartment of Fisheries and Oceans.
24510|aBiological characteristics of coastal populations of sockeye salmon (Oncorhynchus nerka) in British Columbia / |h[electronic resource]|cby D.T. Rutherford … [et al.]
260 |aNanaimo - British Columbia : |bFisheries and Oceans Canada |c1992.
300 |a55p.|bfigs., references, tables
4901 |aCanadian technical report of fisheries and aquatic sciences|x1488-5379|vNo. 1849
500 |aOn t.p.: Pacific Biological Station, Nanaimo, British Columbia. The catalogue number and ISSN for the print edition appear in the PDF version.
546 |a(Résumé en français)
590 |a14-05-Supp|b2014-02-26
7201 |aRutherford, D. T.
830#0|aCanadian technical report of fisheries and aquatic sciences,|x1488-5379|vNo. 1849|w(CaOODSP)9.504449
85640|ahttp://publications.gc.ca|qPDF|s18,287 KB|uhttps://publications.gc.ca/collections/collection_2014/mpo-dfo/Fs97-6-1849-eng.pdf|yNo. 1849